Youth in the MENA region how to bring them in

Saved in:
Bibliographic Details
Format: Book
Language:English
Published: Paris OECD 2016
Subjects:
Tags: Add Tag
No Tags, Be the first to tag this record!

MARC

LEADER 00000nam a2200000 4500
001 0233593
005 20221107101328.4
020 |a 978-92-64-26573-8 
041 0 |a eng 
044 |a FR 
245 1 0 |a Youth in the MENA region  |b how to bring them in 
264 1 |a Paris  |b OECD  |c 2016 
300 |a 112 s. 
610 2 0 |a problémy spoločenské 
610 2 0 |a mládež 
610 2 0 |a nezamestnanosť 
610 2 0 |a dôsledky sociálne 
610 2 0 |a bariéry sily pracovnej 
610 2 0 |a politika verejná 
610 2 0 |a potreby spoločenské 
610 2 0 |a vzdelanie 
610 2 0 |a práca 
610 2 0 |a zabezpečenie sociálne 
610 2 0 |a začlenenie sociálne 
610 2 0 |a miesta pracovné 
610 2 0 |a úroveň životná 
610 2 0 |a riadenie ľudských zdrojov 
610 2 0 |a technológie informačné 
610 2 0 |a politika rozpočtová 
610 2 0 |a Afrika